|
|
|
|
| LEADER |
00000nam a2200000 a 4500 |
| 001 |
UCQ9208 |
| 003 |
CL-VaPUC |
| 008 |
981230e19770000SP |||||||||||||||||spa|d |
| 082 |
0 |
4 |
|a 512
|b HIL
|2 21
|
| 100 |
|
|
|a Hilton, Peter J
|e author
|9 424285
|
| 700 |
0 |
|
|a Wu, Yel-Chiang
|e author
|9 423684
|
| 245 |
1 |
0 |
|a Curso de álgebra moderna
|
| 300 |
|
|
|a 265 p
|
| 942 |
|
|
|c BK
|
| 945 |
|
|
|d 19981230 00:00:00
|a crobeson
|
| 260 |
|
|
|a Barcelona
|b Reverté
|c 1977
|
| 650 |
|
0 |
|a Álgebra
|9 259567
|
| 650 |
|
0 |
|a Álgebra abstracta
|9 260081
|
| 650 |
|
0 |
|a Estructuras algebraicas
|9 422373
|
| 650 |
|
7 |
|a GRUPOS
|2 CL-VaPUC
|9 336429
|
| 650 |
|
7 |
|a GRUPOS ABELIANOS
|2 CL-VaPUC
|9 270300
|
| 650 |
|
0 |
|a Módulos
|9 356144
|
| 650 |
|
0 |
|a Anillos
|9 374316
|
| 650 |
|
7 |
|a DOMINIOS INTEGRALES
|2 CL-VaPUC
|9 423114
|
| 583 |
|
|
|a last modification
|c 19981230 00:00:00
|k Rodrigo Vera
|
| 999 |
|
|
|c 278293
|d 278291
|
| 952 |
|
|
|0 0
|1 0
|4 0
|6 512_000000000000000_HIL_1977
|7 0
|8 A
|9 316764
|a BIBMAT
|b BIBMAT
|d 2019-11-20
|i 131324K
|o 512 HIL 1977
|p 131324K
|r 2025-01-07
|w 2019-11-20
|y BK
|k MAT
|